000 00675nam a2200229Ia 4500
003 OSt
005 20250220123634.0
008 210210b2013 xxu||||| |||| 00| 0 eng d
020 _a9789380511207
040 _cAL
041 _ahin
082 _aH891.9 GAPH
100 _aGAPAT (Sachin)
_9201569
110 _bगपट सचिन
_9201570
245 _aHindi sahity samvednavon ki vivechna
_bहिंदी साहित्य सम्वेदनवों की विवेचना
260 _aKanpur
_bSamata Prakashan
_c2013
300 _a112
650 _aHindi
_9201571
690 _aHindi Criticism
_9201572
906 _a068125
942 _2ddc
_cBK
999 _c152776
_d152776